00251nam a2200085Ia 4500008004100000100002100041245005900062260003600121300000800157201216s9999 xx 000 0 und d aBaughman, E Earl 0aPersonality: The psychological study of the individual aEnglewood CliffsbPrentice Hall a659